000
003140000a22001450004500
003
MACL
040
_a
MACL
090
_c
33999
_d
33997
100
_a
Groves, Dawn
245
_a
The Web Page Workbook
260
_b
BPB Publications
_c
1996
350
_a
150
650
_a
Computer Science
942
_c
BOOK
_k
004.65/GRO
999
_c
33643
_d
33643